| Поле | Инд. | ПП | Название | Значение |
|---|---|---|---|---|
| Тип записи | a | |||
| Библиографический уровень | m | |||
| 001 | Контрольный номер | RU/REP/BASE/00049617 | ||
| 005 | Дата корректировки | 20221214114607.9 | ||
| 200 | 1_ | a | Заглавие | Принудительные меры воспитательного воздействия |
| e | Сведения, относящиеся к заглавию | монография | ||
| f | Первые сведения об ответственности | П.В. Иванов, И.А. Смирнова | ||
| 203 | a | Вид содержания | Текст | |
| 210 | 1_ | a | Место издания | Ростов н/Д. |
| c | Издательство | Булат | ||
| d | Дата издания | 2007 | ||
| 215 | a | Объем | 146 с. | |
| 330 | a | Аннотация | Понятия, цели, основания и условия применения, порядок назначения принудит. мер воспит. воздействия в отче. угол. праве | |
| 606 | a | Основная рубрика | Право. Юридические науки | |
| x | Основная подрубрика | Уголовно-процессуальное право | ||
| x | Основная подрубрика | Ювенальная юстиция | ||
| 610 | 0_ | a | Ключевые слова | УГОЛОВНОЕ ПРАВО РФ, УГОЛОВНЫЙ ПРОЦЕСС РФ, КРИМИНОЛОГИЯ, НЕСОВЕРШЕННОЛЕТНИЕ |
| 686 | v | Номер издания | LBC/SL-A | |
| 2 | Код системы | rubbk | ||
| a | Систематический индекс | 67.99(2)8 | ||
| a | Систематический индекс | 67.99(2)93ю | ||
| 700 | _1 | a | Фамилия | Иванов |
| b | Имя | П.В. | ||
| 701 | _1 | a | Фамилия | Смирнова |
| b | Имя | И.А. | ||
| 852 | i | Авторский знак | И20 | |
| j | Полочный индекс | 67.99(2)8 | ||
| j | Полочный индекс | 67.99(2)93ю | ||
| 901 | t | Тип документа | m | |
| 905 | a | Дата ввода | 20200423 | |
| 952 | c | Вид литературы | монография |